[Event "25. Torneo San Viator 2015"]
[Site "Madrid ESP"]
[Date "2015.10.11"]
[Round "2.21"]
[White "Quijano Cabrera, Adelardo"]
[Black "Jimenez Gonzalez, Marcos"]
[Result "1/2-1/2"]
[WhiteElo "1651"]
[BlackElo "1849"]
[PlyCount "64"]
[EventDate "2015.10.04"]
[EventType "swiss"]
[EventRounds "9"]
[EventCountry "ESP"]
[Source "lmi"]
[SourceDate "2015.10.04"]

1. d4 d5 2. c4 e6 3. Nc3 c5 4. cxd5 exd5 5. Nf3 Nc6 6. g3 Nf6 7. Bg2 Be7 8. O-O
O-O 9. dxc5 Bxc5 10. e3 Be6 11. a3 Rc8 12. b4 Be7 13. Bb2 a6 14. Rc1 b5 15. Ne2
Qd7 16. Nf4 Rfd8 17. Nd4 Nxd4 18. Bxd4 Rxc1 19. Qxc1 Rc8 20. Qb2 Rc4 21. Rc1
Qc8 22. Nd3 Rxc1+ 23. Qxc1 Qc4 24. Qc3 Ne4 25. Bxe4 dxe4 26. Nf4 Qxc3 27. Bxc3
Bc4 28. Nh5 f6 29. g4 Kf7 30. Ng3 Bd5 31. Kf1 g6 32. h3 Bd6 1/2-1/2

[Event "25. Torneo San Viator 2015"]
[Site "Madrid ESP"]
[Date "2015.10.11"]
[Round "2.22"]
[White "Rodriguez Bittar, Karim Javier"]
[Black "Alonso Penalver, Angel"]
[Result "1-0"]
[WhiteElo "1835"]
[BlackElo "1676"]
[PlyCount "87"]
[EventDate "2015.10.04"]
[EventType "swiss"]
[EventRounds "9"]
[EventCountry "ESP"]
[Source "lmi"]
[SourceDate "2015.10.04"]

1. e4 c5 2. Nc3 Nc6 3. g3 g6 4. Bg2 Bg7 5. Nge2 d6 6. O-O e6 7. d3 Rb8 8. Be3
Nd4 9. Qd2 b5 10. Nd1 b4 11. f4 Qa5 12. g4 f5 13. gxf5 exf5 14. Nxd4 cxd4 15.
Bf2 Qc7 16. exf5 Bxf5 17. Re1+ Ne7 18. Bh4 Bf8 19. Bf6 Rg8 20. Bd5 Rg7 21. Bxg7
Bxg7 22. Nf2 Kf8 23. Be6 Qc6 24. Qe2 Bf6 25. Nh1 Bh4 26. Ng3 Bxe6 27. Qxe6 Rb5
28. Qe4 Qc5 29. Re2 Rb8 30. f5 Bg5 31. Rf1 Be3+ 32. Kh1 g5 33. Qe6 Re8 34. Qh6+
Kg8 35. f6 Qd5+ 36. Rg2 Nf5 37. Nxf5 Qf7 38. Nxe3 dxe3 39. Qxg5+ Kh8 40. Qg7+
Qxg7 41. fxg7+ Kg8 42. Rf8+ Rxf8 43. gxf8=Q+ Kxf8 44. Re2 1-0

[Event "25. Torneo San Viator 2015"]
[Site "Madrid ESP"]
[Date "2015.10.11"]
[Round "2.23"]
[White "Alonso Lazaro, Adrian"]
[Black "Barahona Torrijos, Angel"]
[Result "1-0"]
[WhiteElo "1624"]
[BlackElo "1812"]
[PlyCount "63"]
[EventDate "2015.10.04"]
[EventType "swiss"]
[EventRounds "9"]
[EventCountry "ESP"]
[Source "lmi"]
[SourceDate "2015.10.04"]

1. e4 e5 2. Nf3 Nc6 3. d4 exd4 4. Nxd4 Bc5 5. Be3 Qf6 6. c3 Nge7 7. Bb5 Ne5 8.
O-O c6 9. Be2 d6 10. f4 Nd7 11. Kh1 h5 12. b4 Bb6 13. Nd2 c5 14. bxc5 dxc5 15.
Nb5 a6 16. e5 Qh6 17. Nd6+ Kf8 18. Qb3 Qg6 19. Bd3 c4 20. N2xc4 Qxd3 21. Nxb6
Qg6 22. Nxa8 Nxe5 23. fxe5 Be6 24. c4 h4 25. Nc7 h3 26. Nxe6+ Qxe6 27. Rxf7+
Kg8 28. c5 hxg2+ 29. Kg1 Nd5 30. Rf5 Rh3 31. Rd1 Rxe3 32. Qxd5 1-0

[Event "25. Torneo San Viator 2015"]
[Site "Madrid ESP"]
[Date "2015.10.11"]
[Round "2.24"]
[White "Del Noval Nemeshazi, Nesztor"]
[Black "Rodriguez Romero, Martin"]
[Result "1-0"]
[WhiteElo "1810"]
[BlackElo "1651"]
[PlyCount "81"]
[EventDate "2015.10.04"]
[EventType "swiss"]
[EventRounds "9"]
[EventCountry "ESP"]
[Source "lmi"]
[SourceDate "2015.10.04"]

1. e4 c5 2. Nf3 e6 3. d4 cxd4 4. Nxd4 Nf6 5. f3 d6 6. Be3 Be7 7. Nc3 O-O 8. Qd2
Nc6 9. O-O-O a6 10. g4 Qc7 11. h4 Rd8 12. g5 Nd7 13. h5 Nf8 14. Qh2 Nxd4 15.
Rxd4 Qa5 16. g6 fxg6 17. hxg6 h6 18. Bc4 Bf6 19. Rxd6 Rxd6 20. Qxd6 Bxc3 21.
bxc3 Qxc3 22. Qd4 Qxd4 23. Bxd4 b5 24. Bb3 a5 25. a3 Nxg6 26. Rg1 Kf7 27. f4
Nxf4 28. Rxg7+ Kf8 29. Kd2 Ba6 30. Ke3 Nh5 31. Rh7 Re8 32. Rxh6 Ng7 33. Rh8+
Kf7 34. Bxg7 Rxh8 35. Bxh8 Ke7 36. Kd4 Bb7 37. c4 bxc4 38. Bxc4 Kd7 39. Bb5+
Kc7 40. Be5+ Kb6 41. Bd7 1-0

[Event "25. Torneo San Viator 2015"]
[Site "Madrid ESP"]
[Date "2015.10.11"]
[Round "2.25"]
[White "Campos Tores, Jose Luis"]
[Black "Ingunza Curro, Andres"]
[Result "1-0"]
[WhiteElo "1788"]
[BlackElo "1459"]
[PlyCount "59"]
[EventDate "2015.10.04"]
[EventType "swiss"]
[EventRounds "9"]
[EventCountry "ESP"]
[Source "lmi"]
[SourceDate "2015.10.04"]

1. e4 c5 2. Nc3 Nc6 3. f4 d6 4. Nf3 Nf6 5. Bb5 g6 6. O-O Bd7 7. d3 Bg7 8. Bxc6
Bxc6 9. Qe1 Nd7 10. a4 a6 11. f5 f6 12. Qg3 Nf8 13. a5 Qd7 14. d4 O-O-O 15. Be3
c4 16. d5 Bb5 17. Nd4 h5 18. Ncxb5 axb5 19. a6 Kb8 20. axb7 Kxb7 21. Ra5 h4 22.
Qe1 Ra8 23. Rxb5+ Kc8 24. Qb4 Qc7 25. Nc6 Nd7 26. Nxe7+ Kd8 27. Nxg6 Re8 28.
Rb7 Qc8 29. Bb6+ Nxb6 30. Qxb6+ 1-0

[Event "25. Torneo San Viator 2015"]
[Site "Madrid ESP"]
[Date "2015.10.12"]
[Round "3.1"]
[White "Renteria, Jorge"]
[Black "Bustos Bernardo, Samuel"]
[Result "1-0"]
[WhiteElo "2244"]
[BlackElo "1964"]
[PlyCount "43"]
[EventDate "2015.10.04"]
[EventType "swiss"]
[EventRounds "9"]
[EventCountry "ESP"]
[Source "lmi"]
[SourceDate "2015.10.04"]

1. e4 c5 2. Nf3 d6 3. d4 cxd4 4. Qxd4 a6 5. Be3 Nc6 6. Qb6 Qxb6 7. Bxb6 Nf6 8.
Nc3 g6 9. O-O-O Bg7 10. e5 Nd7 11. Nd5 O-O 12. exd6 exd6 13. Bc7 Nf6 14. Nb6
Ra7 15. Bxd6 Rd8 16. Bc4 Bg4 17. Bc5 Bh6+ 18. Kb1 Rxd1+ 19. Rxd1 Ne4 20. Be3
Bxe3 21. fxe3 Ne5 22. Rd8+ 1-0

[Event "25. Torneo San Viator 2015"]
[Site "Madrid ESP"]
[Date "2015.10.12"]
[Round "3.3"]
[White "Aguilera Lopez, Alejandro"]
[Black "Unciti Juan, Javier"]
[Result "0-1"]
[WhiteElo "1987"]
[BlackElo "2050"]
[PlyCount "82"]
[EventDate "2015.10.04"]
[EventType "swiss"]
[EventRounds "9"]
[EventCountry "ESP"]
[Source "lmi"]
[SourceDate "2015.10.04"]

1. d4 Nf6 2. Nf3 g6 3. Bg5 Bg7 4. e3 O-O 5. Be2 d6 6. O-O Nbd7 7. c4 Ne4 8. Bh4
b6 9. Nc3 Nxc3 10. bxc3 Qe8 11. Qc2 Bb7 12. d5 e5 13. Nd2 f5 14. e4 Nc5 15. f3
Bh6 16. Nb3 Nd7 17. Rab1 Bc8 18. Bf2 Nf6 19. Bd3 f4 20. Nd2 Bd7 21. Rfd1 g5 22.
Nf1 Ba4 23. Rb3 g4 24. Be2 Qg6 25. Qd3 Kh8 26. Rdb1 Bxb3 27. axb3 Rg8 28. Be1
a5 29. b4 Bg5 30. Nd2 h5 31. c5 bxc5 32. bxc5 gxf3 33. Bxf3 Ng4 34. Nc4 Ne3 35.
Nxe3 fxe3 36. Rb7 a4 37. Qb1 e2 38. cxd6 cxd6 39. Rb2 Raf8 40. Qd3 Be3+ 41. Kh1
Qxg2+ 0-1

[Event "25. Torneo San Viator 2015"]
[Site "Madrid ESP"]
[Date "2015.10.12"]
[Round "3.4"]
[White "Andalon Gomez, Carlos J"]
[Black "Lopez De Turiso, Jose Angel"]
[Result "1-0"]
[WhiteElo "1963"]
[BlackElo "2014"]
[PlyCount "57"]
[EventDate "2015.10.04"]
[EventType "swiss"]
[EventRounds "9"]
[EventCountry "ESP"]
[Source "lmi"]
[SourceDate "2015.10.04"]

1. d4 f5 2. c4 Nf6 3. Nf3 g6 4. g3 Bg7 5. Bg2 O-O 6. Nc3 d6 7. O-O Nc6 8. b3 e5
9. Ba3 Nxd4 10. Nxd4 exd4 11. Qxd4 Ng4 12. Qd2 f4 13. Rad1 Be5 14. c5 Nxh2 15.
Kxh2 fxg3+ 16. fxg3 Qh4+ 17. Kg1 Qxg3 18. Rxf8+ Kxf8 19. Qh6+ Kg8 20. Ne4 Qg4
21. Rf1 Bf5 22. Ng5 Bg7 23. Qxh7+ Kf8 24. Ne6+ Ke7 25. Nxg7 Be4 26. cxd6+ cxd6
27. Nf5+ Ke6 28. Qe7+ Kd5 29. Qxd6# 1-0

[Event "25. Torneo San Viator 2015"]
[Site "Madrid ESP"]
[Date "2015.10.12"]
[Round "3.5"]
[White "Sotoca Aguado, Jose"]
[Black "Gil Sierra, Jacinto"]
[Result "1-0"]
[WhiteElo "1946"]
[BlackElo "1965"]
[PlyCount "91"]
[EventDate "2015.10.04"]
[EventType "swiss"]
[EventRounds "9"]
[EventCountry "ESP"]
[Source "lmi"]
[SourceDate "2015.10.04"]

1. d4 e6 2. c4 f5 3. g3 Nf6 4. Bg2 Bb4+ 5. Bd2 Bxd2+ 6. Nxd2 d6 7. Ngf3 Nc6 8.
O-O O-O 9. e3 e5 10. d5 Ne7 11. Qb3 h6 12. Rac1 Nd7 13. Qc2 a5 14. a3 a4 15. c5
Nxc5 16. Nxe5 b6 17. Nd3 Bb7 18. Nb4 Qe8 19. Nb1 Qh5 20. Nc3 Ba6 21. Nxa6 Rxa6
22. Rcd1 Ra5 23. Rd4 Rfa8 24. Rb4 Qf7 25. Rd1 Ng6 26. Bh3 Ne7 27. Rbd4 g6 28.
f4 Kg7 29. e4 fxe4 30. Nxe4 Nf5 31. Bxf5 Qxf5 32. Qc3 Kf7 33. Nxc5 Rxc5 34. Rc4
Raa5 35. Rxc5 Rxc5 36. Qe3 Rxd5 37. Re1 Qd7 38. Qc3 Qc8 39. Qc4 c6 40. Qxa4 Rd2
41. Qa7+ Kf6 42. Qe7+ Kf5 43. Qf7+ Kg4 44. Qxg6+ Kf3 45. Qh5+ Qg4 46. Rf1+ 1-0

[Event "25. Torneo San Viator 2015"]
[Site "Madrid ESP"]
[Date "2015.10.12"]
[Round "3.7"]
[White "Soto Martin, Miguel"]
[Black "Lobato Rivero, Carlos"]
[Result "0-1"]
[WhiteElo "1881"]
[BlackElo "1992"]
[PlyCount "104"]
[EventDate "2015.10.04"]
[EventType "swiss"]
[EventRounds "9"]
[EventCountry "ESP"]
[Source "lmi"]
[SourceDate "2015.10.04"]

1. d4 f5 2. g3 Nf6 3. Bg2 g6 4. Nf3 Bg7 5. O-O e6 6. c4 O-O 7. Nc3 d6 8. Qc2
Nc6 9. d5 Ne7 10. dxe6 Bxe6 11. Nb5 Nc6 12. Nfd4 Bd7 13. Nxc6 Bxc6 14. Bxc6
bxc6 15. Nd4 Qe8 16. c5 d5 17. Qa4 Ne4 18. Qxc6 Qxc6 19. Nxc6 Rfe8 20. Be3 Bxb2
21. Rab1 d4 22. Bf4 Ba3 23. Nxd4 Bxc5 24. Nb5 Bb6 25. Rbc1 g5 26. Bxc7 Nd2 27.
Rfe1 Re7 28. Bxb6 axb6 29. Rc2 Nf3+ 30. exf3 Rxe1+ 31. Kg2 Ra1 32. Rc6 R8xa2
33. Nd4 Rb1 34. Nxf5 Rbb2 35. Nh6+ Kg7 36. Nf5+ Kf8 37. Rc8+ Kf7 38. Nh6+ Ke6
39. Ng4 h5 40. Rc6+ Kd5 41. Rg6 hxg4 42. Rxg5+ Kc6 43. Rg6+ Kb7 44. fxg4 Rxf2+
45. Kg1 Rg2+ 46. Kf1 Rxh2 47. Kg1 Rhb2 48. Rg7+ Ka6 49. Rf7 Rb1+ 50. Rf1 Rxf1+
51. Kxf1 Ra4 52. g5 Rg4 0-1

[Event "25. Torneo San Viator 2015"]
[Site "Madrid ESP"]
[Date "2015.10.12"]
[Round "3.8"]
[White "Torres Samper, Rafael"]
[Black "Blanco Diez, David"]
[Result "0-1"]
[WhiteElo "1974"]
[BlackElo "1719"]
[PlyCount "172"]
[EventDate "2015.10.04"]
[EventType "swiss"]
[EventRounds "9"]
[EventCountry "ESP"]
[Source "lmi"]
[SourceDate "2015.10.04"]

1. e4 e5 2. Nf3 Nc6 3. Nc3 Nf6 4. d4 exd4 5. Nd5 Nxd5 6. exd5 Bb4+ 7. Bd2 Bxd2+
8. Qxd2 Qe7+ 9. Be2 Ne5 10. O-O-O Nxf3 11. Bxf3 O-O 12. Rhe1 Qf6 13. Qxd4 Qh6+
14. Qe3 Qxe3+ 15. Rxe3 d6 16. Re7 Bf5 17. Rxc7 Rac8 18. Rxc8 Rxc8 19. c3 b5 20.
Kd2 Kf8 21. Re1 Rc5 22. b4 Rc7 23. a4 a5 24. bxa5 bxa4 25. Ra1 Bd7 26. a6 Rc5
27. c4 Ra5 28. Kc3 Rxa6 29. Kd4 Rb6 30. Be4 Rb2 31. f4 f5 32. Bf3 Kf7 33. Ra3
Rb1 34. Ra2 Rb4 35. Kc3 Rb3+ 36. Kd4 Rb4 37. Ra3 Rb2 38. h3 h6 39. Kc3 Rb1 40.
Ra2 Rb3+ 41. Kd4 Rb4 42. Bd1 Bb5 43. Be2 Bd7 44. Bd3 Bb5 45. Kc3 Rb3+ 46. Kd4
Rb4 47. Ra3 Bd7 48. Kc3 Rb8 49. Bc2 Ra8 50. Kd4 Ra5 51. Kc3 Ra8 52. Ra2 Ke7 53.
Kb4 Rb8+ 54. Ka3 Re8 55. Kb4 Rb8+ 56. Kc3 Ra8 57. Bb1 Rb8 58. Rb2 Rxb2 59. Kxb2
g5 60. g3 Kf6 61. Bc2 h5 62. Ka3 h4 63. fxg5+ Kxg5 64. gxh4+ Kxh4 65. Bxa4 Bxa4
66. Kxa4 f4 67. c5 f3 68. cxd6 f2 69. d7 f1=Q 70. d8=Q+ Kxh3 71. Qh8+ Kg4 72.
Qg7+ Kh5 73. Qe5+ Kg6 74. Kb4 Qc1 75. Qe8+ Kf6 76. Qe6+ Kg7 77. d6 Qb2+ 78. Kc5
Qc3+ 79. Kb6 Qb4+ 80. Kc7 Qc5+ 81. Kd8 Qb6+ 82. Ke7 Qb7+ 83. d7 Qb4+ 84. Qd6
Qe4+ 85. Qe6 Qb4+ 86. Kd8 Qb8+ 0-1

[Event "25. Torneo San Viator 2015"]
[Site "Madrid ESP"]
[Date "2015.10.12"]
[Round "3.9"]
[White "Cervino Rossel, Cristobal"]
[Black "Garcia Galeote, Lorenzo"]
[Result "1-0"]
[WhiteElo "2114"]
[BlackElo "1906"]
[PlyCount "119"]
[EventDate "2015.10.04"]
[EventType "swiss"]
[EventRounds "9"]
[EventCountry "ESP"]
[Source "lmi"]
[SourceDate "2015.10.04"]

1. d4 Nc6 2. Nf3 d6 3. c4 g6 4. d5 Ne5 5. Nxe5 dxe5 6. e4 e6 7. Nc3 Bg7 8. Be2
Ne7 9. O-O O-O 10. Bg5 h6 11. Be3 f5 12. f3 Kh7 13. Qd2 exd5 14. cxd5 b6 15.
Rfd1 c6 16. d6 Ng8 17. d7 Bb7 18. exf5 gxf5 19. Qc2 Kh8 20. Bc4 Qe7 21. Rd2
Rad8 22. Rad1 Nf6 23. Qxf5 Nd5 24. Qe4 Rxd7 25. Nxd5 cxd5 26. Bxd5 Bxd5 27.
Rxd5 Rfd8 28. a3 Qe6 29. Rxd7 Rxd7 30. Rc1 Rd8 31. Rc6 Qd5 32. Qxd5 Rxd5 33.
Bxh6 Bxh6 34. Rxh6+ Kg7 35. Rc6 Rd7 36. Kf2 Rd2+ 37. Kg3 Rxb2 38. Rc7+ Kg6 39.
Rxa7 Kf5 40. Ra4 Ra2 41. h4 Ra1 42. Kh2 b5 43. Rb4 Rxa3 44. Rxb5 Ra8 45. Rb4
Rg8 46. g4+ Kg6 47. Re4 Kf6 48. Kg3 Re8 49. h5 Ra8 50. Rb4 Ra6 51. Rb8 Ra3 52.
Rb6+ Kf7 53. Kf2 Rc3 54. h6 Ra3 55. g5 Ra8 56. g6+ Kg8 57. Ke3 Re8 58. Ke4 Kh8
59. Rb5 Rg8 60. Kf5 1-0

[Event "25. Torneo San Viator 2015"]
[Site "Madrid ESP"]
[Date "2015.10.12"]
[Round "3.10"]
[White "Rodriguez Bittar, Karim Javier"]
[Black "Vazquez Gonzalez, Jesus"]
[Result "1/2-1/2"]
[WhiteElo "1835"]
[BlackElo "1978"]
[PlyCount "131"]
[EventDate "2015.10.04"]
[EventType "swiss"]
[EventRounds "9"]
[EventCountry "ESP"]
[Source "lmi"]
[SourceDate "2015.10.04"]

1. e4 g6 2. Nc3 Bg7 3. g3 c5 4. Bg2 Nc6 5. Nge2 Nf6 6. d3 O-O 7. O-O d6 8. h3
Bd7 9. Be3 a6 10. Qd2 b5 11. Bh6 Qc8 12. Bxg7 Kxg7 13. Kh2 b4 14. Nd5 Nxd5 15.
exd5 Nd8 16. c4 a5 17. b3 Ra7 18. Qb2+ Kg8 19. h4 Bf5 20. Be4 a4 21. Nf4 e5 22.
dxe6 Bxe4 23. exf7+ Raxf7 24. dxe4 Rxf4 25. gxf4 Rxf4 26. f3 Rxh4+ 27. Kg1 Nc6
28. Rad1 Nd4 29. Rxd4 cxd4 30. Qxd4 Qh3 31. Qd5+ Kg7 32. Qd4+ Kf7 33. Qd5+ Ke7
34. Qg5+ Ke8 35. Kf2 Qh2+ 36. Ke3 Rh5 37. Qg4 Qe5 38. Qc8+ Kf7 39. Qb7+ Kf6 40.
Qxb4 axb3 41. axb3 g5 42. Kd3 Rh2 43. Qc3 h5 44. Qxe5+ Kxe5 45. Rd1 h4 46. Ke3
h3 47. Ra1 Kf6 48. b4 Rb2 49. b5 h2 50. Rh1 Ke5 51. b6 Rxb6 52. Rxh2 Rb3+ 53.
Kf2 Kf4 54. Rh6 Rxf3+ 55. Kg2 Rd3 56. Re6 Rd2+ 57. Kf1 g4 58. Ke1 Rd4 59. Kf2
Rxc4 60. Rxd6 Rc2+ 61. Kg1 Re2 62. Rd8 Rxe4 63. Kf2 g3+ 64. Kg2 Re2+ 65. Kg1
Re5 66. Kg2 1/2-1/2

[Event "25. Torneo San Viator 2015"]
[Site "Madrid ESP"]
[Date "2015.10.12"]
[Round "3.11"]
[White "Del Noval Nemeshazi, Nesztor"]
[Black "Lozano Osorio, Isaac"]
[Result "0-1"]
[WhiteElo "1810"]
[BlackElo "1947"]
[PlyCount "64"]
[EventDate "2015.10.04"]
[EventType "swiss"]
[EventRounds "9"]
[EventCountry "ESP"]
[Source "lmi"]
[SourceDate "2015.10.04"]

1. e4 c6 2. d4 d5 3. Nc3 dxe4 4. Nxe4 Nf6 5. Ng3 g6 6. Nf3 Nbd7 7. Be2 Bg7 8.
O-O O-O 9. b3 b6 10. Bb2 Bb7 11. c4 Qc7 12. Qc2 e6 13. c5 Nd5 14. cxb6 axb6 15.
a4 Nf4 16. Bb5 Rfc8 17. Rfc1 Qb8 18. Bf1 c5 19. Bb5 cxd4 20. Qd2 Nc5 21. Nxd4
Rd8 22. Qb4 Nfd3 23. Bxd3 Nxd3 24. Qe7 Nxc1 25. Rxc1 Bxd4 26. Rc7 Qxc7 27. Qxc7
Bxb2 28. Qxb7 Rab8 29. Qf3 Rbc8 30. h3 Be5 31. Qe3 f6 32. f4 Bd4 0-1

[Event "25. Torneo San Viator 2015"]
[Site "Madrid ESP"]
[Date "2015.10.12"]
[Round "3.12"]
[White "Guillo Longares, Cecilia"]
[Black "Vazquez Gonzalez, Francisco"]
[Result "0-1"]
[WhiteElo "1809"]
[BlackElo "1929"]
[PlyCount "76"]
[EventDate "2015.10.04"]
[EventType "swiss"]
[EventRounds "9"]
[EventCountry "ESP"]
[Source "lmi"]
[SourceDate "2015.10.04"]

1. d4 d6 2. c4 e5 3. d5 f5 4. Nf3 Nf6 5. Bg5 Be7 6. Nc3 Nbd7 7. Qc2 Nc5 8. b4
Nce4 9. Bxf6 Nxf6 10. e3 O-O 11. Be2 a5 12. b5 b6 13. a4 Nd7 14. Nd2 Qe8 15. e4
Nc5 16. Bd3 Qg6 17. O-O f4 18. f3 Qh5 19. Rfd1 Rf6 20. Nf1 Rg6 21. Be2 Bh3 22.
g4 fxg3 23. Nxg3 Qh4 24. Kf2 Rf8 25. Rg1 Bg4 26. Rg2 Rgf6 27. Kg1 Bh3 28. Nf5
Bxf5 29. exf5 Rxf5 30. Kh1 Rg5 31. Rxg5 Bxg5 32. Rg1 Be3 33. Rf1 Rf6 34. Ne4
Rh6 35. Bd1 Bf4 36. Rf2 Bxh2 37. Kg2 Qh3+ 38. Kh1 Bf4+ 0-1

[Event "25. Torneo San Viator 2015"]
[Site "Madrid ESP"]
[Date "2015.10.12"]
[Round "3.13"]
[White "Campos Tores, Jose Luis"]
[Black "Lopez Ziegler, Carlos"]
[Result "0-1"]
[WhiteElo "1788"]
[BlackElo "1925"]
[PlyCount "118"]
[EventDate "2015.10.04"]
[EventType "swiss"]
[EventRounds "9"]
[EventCountry "ESP"]
[Source "lmi"]
[SourceDate "2015.10.04"]

1. f4 d5 2. Nf3 g6 3. e3 Bg7 4. Be2 c5 5. O-O Nc6 6. d3 Nf6 7. Qe1 O-O 8. Qh4
b5 9. Ne5 Qc7 10. Nxc6 Qxc6 11. Nd2 c4 12. Nf3 Qc5 13. Ne5 Ne8 14. Kh1 f6 15.
Nf3 Nd6 16. Bd2 Bd7 17. Rab1 b4 18. Qe1 a5 19. h3 Rab8 20. Qf2 Rbe8 21. c3 cxd3
22. Bxd3 Ne4 23. Bxe4 dxe4 24. Nd4 e5 25. cxb4 axb4 26. Rbc1 Qb6 27. Nb3 exf4
28. Qxf4 f5 29. Qc7 Qxc7 30. Rxc7 Bb5 31. Rfc1 Bxb2 32. R1c5 Ba4 33. Bxb4 Bxb3
34. axb3 Rd8 35. Bc3 Rd1+ 36. Kh2 Bxc3 37. Rxc3 Rfd8 38. Rb7 R8d7 39. Rxd7 Rxd7
40. Kg1 Rd2 41. Kf1 h6 42. b4 Rb2 43. Rc8+ Kg7 44. Rb8 g5 45. b5 Kg6 46. g4 f4
47. Rb6+ Kg7 48. Rb7+ Kg6 49. Rb6+ Kg7 50. Rb7+ Kf6 51. Rb6+ Ke5 52. Rb8 fxe3
53. b6 e2+ 54. Ke1 Kf4 55. Rc8 Rxb6 56. Kxe2 Rb2+ 57. Ke1 Kg3 58. Rc3+ Kf4 59.
Rc4 Rh2 0-1

[Event "25. Torneo San Viator 2015"]
[Site "Madrid ESP"]
[Date "2015.10.12"]
[Round "3.14"]
[White "Luna Hermoso, Angel"]
[Black "Sanchez Gomez, Emiliano"]
[Result "1-0"]
[WhiteElo "1919"]
[BlackElo "1801"]
[PlyCount "55"]
[EventDate "2015.10.04"]
[EventType "swiss"]
[EventRounds "9"]
[EventCountry "ESP"]
[Source "lmi"]
[SourceDate "2015.10.04"]

1. d4 Nf6 2. c4 g6 3. g3 Bg7 4. Bg2 d5 5. cxd5 Nxd5 6. Nf3 O-O 7. e4 Nb6 8. O-O
c6 9. h3 N8d7 10. Nc3 Nf6 11. Qc2 h6 12. b3 Be6 13. Be3 Qc8 14. Kh2 Qd8 15.
Rfd1 Rc8 16. Rac1 Kh7 17. Nh4 Ne8 18. f4 f5 19. a4 a5 20. g4 fxg4 21. f5 Bf7
22. fxg6+ Bxg6 23. Nxg6 Kxg6 24. e5+ Kf7 25. Rf1+ Kg8 26. Rxf8+ Bxf8 27. Qg6+
Ng7 28. Be4 1-0

[Event "25. Torneo San Viator 2015"]
[Site "Madrid ESP"]
[Date "2015.10.12"]
[Round "3.15"]
[White "Soderstrom, Henrik"]
[Black "Fernandez Rios, Jose Francisco"]
[Result "1/2-1/2"]
[WhiteElo "1907"]
[BlackElo "1756"]
[PlyCount "135"]
[EventDate "2015.10.04"]
[EventType "swiss"]
[EventRounds "9"]
[EventCountry "ESP"]
[Source "lmi"]
[SourceDate "2015.10.04"]

1. e4 c5 2. Nf3 g6 3. c4 Bg7 4. d4 cxd4 5. Nxd4 Nc6 6. Be3 Nf6 7. Nc3 d6 8. Be2
O-O 9. h3 Bd7 10. O-O Nxd4 11. Bxd4 Bc6 12. Bf3 Nd7 13. Bxg7 Kxg7 14. Qd4+ Kg8
15. b4 b6 16. Rad1 Rc8 17. Be2 Bb7 18. f4 Nb8 19. Qe3 Nc6 20. a3 Qe8 21. Bg4
Rd8 22. Nd5 f5 23. exf5 gxf5 24. Qe6+ Kh8 25. Bf3 Bc8 26. Qh6 e6 27. Rfe1 Ne7
28. Nc7 Qf7 29. Nxe6 Bxe6 30. Qxe6 Ng6 31. Qxf7 Rxf7 32. g3 Re7 33. Rxe7 Nxe7
34. Kf2 Kg7 35. Re1 Kf6 36. g4 h6 37. Ke3 a5 38. Kd4 axb4 39. axb4 Ng6 40. Bd5
fxg4 41. hxg4 Nxf4 42. Bf3 Ng6 43. Re4 Ne5 44. Be2 Nc6+ 45. Kc3 Ne5 46. b5 Rc8
47. Kd4 Rc5 48. Rf4+ Kg6 49. Rf8 Rc7 50. Rb8 Nd7 51. Re8 Kf7 52. Ra8 Ne5 53.
Ra6 Nd7 54. Bd3 Rc5 55. Ra7 Ke8 56. Bf5 Ne5 57. Be6 Nf3+ 58. Ke3 Ne5 59. Rb7
Nxc4+ 60. Bxc4 Rxc4 61. Rxb6 Kd7 62. Rb7+ Ke6 63. b6 Rxg4 64. Rh7 Rb4 65. b7
Kd5 66. Rxh6 Kc6 67. b8=Q Rxb8 68. Kd4 1/2-1/2

[Event "25. Torneo San Viator 2015"]
[Site "Madrid ESP"]
[Date "2015.10.12"]
[Round "3.16"]
[White "Padin Lazaro, Jose Manuel"]
[Black "Barranco Martinez, Gabriel"]
[Result "1/2-1/2"]
[WhiteElo "1906"]
[BlackElo "1752"]
[PlyCount "110"]
[EventDate "2015.10.04"]
[EventType "swiss"]
[EventRounds "9"]
[EventCountry "ESP"]
[Source "lmi"]
[SourceDate "2015.10.04"]

1. e4 e5 2. Nf3 Nc6 3. Bb5 Nf6 4. O-O d6 5. Re1 Bd7 6. c3 a6 7. Ba4 b5 8. Bc2
Be7 9. h3 h6 10. d4 O-O 11. Nbd2 Nh7 12. Nf1 Bg5 13. Ne3 exd4 14. cxd4 Nb4 15.
Bb1 Nc6 16. a3 Re8 17. Qd3 Bxe3 18. Bxe3 Ng5 19. Bxg5 hxg5 20. g4 Qf6 21. Qe3
Qh6 22. Kg2 Re7 23. Bc2 f5 24. Qb3+ Be6 25. d5 fxg4 26. hxg4 Bf7 27. Qc3 Ne5
28. Nxe5 dxe5 29. a4 Be8 30. Rh1 Qf6 31. Qh3 g6 32. Bb3 Qg7 33. axb5 Rd7 34.
d6+ Bf7 35. Bxf7+ Rxf7 36. Rxa6 Raf8 37. Qb3 Qf6 38. Rf1 Qf4 39. f3 Kg7 40. b6
Rh8 41. Rf2 Rh2+ 42. Kf1 Qc1+ 43. Ke2 Rxf2+ 44. Kxf2 Qd2+ 45. Kf1 Qxd6 46. Ke2
Rd7 47. Qc2 cxb6 48. Ra3 Rc7 49. Rc3 Rd7 50. Rd3 Qe6 51. Rxd7+ Qxd7 52. Qc4 Kf6
53. b4 Qd6 54. b5 Ke7 55. Qc1 Kf6 1/2-1/2

[Event "25. Torneo San Viator 2015"]
[Site "Madrid ESP"]
[Date "2015.10.12"]
[Round "3.17"]
[White "Yeves Miquel, Enrique"]
[Black "Jimenez Elices, Jose Maria"]
[Result "1-0"]
[WhiteElo "1758"]
[BlackElo "1883"]
[PlyCount "109"]
[EventDate "2015.10.04"]
[EventType "swiss"]
[EventRounds "9"]
[EventCountry "ESP"]
[Source "lmi"]
[SourceDate "2015.10.04"]

1. d4 d5 2. c4 e6 3. Nc3 Nf6 4. cxd5 exd5 5. Bg5 Be7 6. e3 O-O 7. Bd3 h6 8. Bh4
c6 9. Qc2 Nbd7 10. Nge2 Re8 11. f3 Nf8 12. O-O Nh5 13. Bf2 Nf6 14. h3 Be6 15.
e4 Rc8 16. e5 N6d7 17. f4 g6 18. f5 gxf5 19. Bxf5 c5 20. Qd3 cxd4 21. Qg3+ Kh8
22. Bxd4 Bc5 23. h4 Bxd4+ 24. Nxd4 Qe7 25. Qf4 Kg7 26. Qg3+ Kh8 27. Ncb5 Bxf5
28. Nxf5 Qxe5 29. Nbd6 Qxg3 30. Nxg3 f6 31. Nxe8 Rxe8 32. Nf5 Kh7 33. Nd6 Re2
34. Rf2 Rxf2 35. Kxf2 Nc5 36. Rd1 Ne4+ 37. Nxe4 dxe4 38. Rd8 Kg6 39. g4 Kf7 40.
Rb8 b6 41. Rb7+ Ke6 42. Rxa7 Nd7 43. Ra8 Kd5 44. Rh8 Ne5 45. Rd8+ Kc5 46. Ke3
f5 47. Kf4 Nc6 48. Rh8 Kc4 49. Rxh6 Nd4 50. Rxb6 Kd3 51. Ra6 Kd2 52. Ra3 Nc2
53. Rc3 Nd4 54. Ra3 Nc2 55. Kxf5 1-0

[Event "25. Torneo San Viator 2015"]
[Site "Madrid ESP"]
[Date "2015.10.12"]
[Round "3.18"]
[White "Fernandez Garcia, Emilio"]
[Black "Clavero Alarcon, Jose Miguel"]
[Result "1/2-1/2"]
[WhiteElo "1686"]
[BlackElo "1873"]
[PlyCount "79"]
[EventDate "2015.10.04"]
[EventType "swiss"]
[EventRounds "9"]
[EventCountry "ESP"]
[Source "lmi"]
[SourceDate "2015.10.04"]

1. d4 c5 2. d5 e6 3. c4 exd5 4. cxd5 Nf6 5. Nc3 d6 6. Nf3 g6 7. e4 Bg7 8. Bd3
O-O 9. h3 Nh5 10. O-O Nd7 11. Bg5 f6 12. Be3 f5 13. exf5 gxf5 14. Ng5 Ndf6 15.
Qc2 h6 16. Nf3 Qe8 17. Rfe1 Qf7 18. Rad1 a6 19. a4 Nh7 20. Ne2 Bd7 21. Nf4 Nxf4
22. Bxf4 Qf6 23. Re2 b5 24. b3 Ng5 25. Nxg5 hxg5 26. Bc1 g4 27. hxg4 fxg4 28.
g3 Rae8 29. Rde1 Rxe2 30. Rxe2 Kf7 31. Re4 Qc3 32. Rf4+ Ke7 33. Qxc3 Bxc3 34.
Rxf8 Kxf8 35. Bf4 Ke7 36. axb5 axb5 37. Kf1 Be5 38. Bg5+ Bf6 39. Bf4 Be5 40.
Bg5+ 1/2-1/2